| 000 | 00679nam a2200205 a 4500 | ||
|---|---|---|---|
| 001 | 000008174 | ||
| 005 | 20200929154453.0 | ||
| 008 | 090915s2001 dr a r 000 0 spa d | ||
| 040 |
_aDO-SdBNP _bspa _cBNPHU |
||
| 082 |
_a641.5636 _bJ61c |
||
| 100 | 1 |
_aJiménez de Cruz, Consuelo _922181 |
|
| 245 | 1 | 3 |
_aLa cocina de mamá : _bvegetales, todo vegetales / _cConsuelo Jiménez de Cruz. |
| 260 |
_aSanto Domingo : _bCentenario, _c2001. |
||
| 300 |
_a216 p. : _bil. ; _c23 cm. |
||
| 590 | _aInventariado, 2018/BT | ||
| 650 | 4 |
_aCocina vegetariana _9361 |
|
| 650 | 4 |
_aCocina dominicana _9192 |
|
| 650 | 4 |
_aPreparación de alimentos _9193 |
|
| 910 | _aValidado. Control de calidad. MMOLINA | ||
| 999 |
_c7950 _d7950 |
||